World War II Firearms - Statistics

General Stats
  • This quiz has been taken 214 times
  • The average score is 8 of 16
Answer Stats
Picture Answer % Correct
M1 Garand
93%
MP40
88%
M1918A2 BAR
84%
Mosin–Nagant M1891
81%
PPSh-41
78%
Karabiner 98k
76%
M1 Carbine
70%
Walther P38
58%
FP-45 Liberator
57%
FG-42
50%
Browning Hi-Power
45%
Owen Machine Carbine
27%
Type 99 Light Machine Gun
27%
MG13
9%
Breda 30
2%
MAB 38
2%
No matching quizzes found
Score Distribution
Percent of People with Each Score
Percentile by Number Answered
Your Score History
You have not taken this quiz